000 00474nam a2200145Ia 4500
008 170221s9999 xx 000 0 und d
100 _aAlexey V. Bataev
245 _aVirtual Banks: The Innovative Way of the Banking System Development during the Crisis
245 _cAlexey V. Bataev
260 _bInternational Review of Management and Marketing
260 _c2016
300 _a15 : 2
650 _xMarketing.
856 _uhttp://www.econjournals.com/index.php/irmm
999 _c311867
_d311867